Evaluación de riesgos por puesto de trabajo en la empresa C&R construcciones, ubicado Km 17 carretera a Xiloa, 500 mts al oeste

El presente estudio tiene como objetivo fundamental Evaluar los riesgos de cada puesto de trabajo a lo que se encuentran expuesto los colaboradores, en la Empresa C&R Construcciones, según el procedimiento técnico establecido por el Ministerio del Trabajo para realizar la evaluación de riesgo...

Full description

Bibliographic Details
Main Authors: Gutiérrez Palacios, María José, Castro Hernández, Erick David
Other Authors: Tutor: Reyes Gómez, Arlen Patricia
Format: Tesis Section = Libro
Language:Undetermined
Spanish
Published: Managua UNI 2022
Subjects:
LEADER 01603nam a2200277Ia 4500
008 240830s9999 xx 000 0 und d
040 |a BIBLIOTECA-RUPAP/ Mon 363.11 G984 
041 |a spa 
082 |a Mon 363.11 G984 
100 1 |a Gutiérrez Palacios, María José 
100 1 |b Castro Hernández, Erick David 
245 1 0 |a Evaluación de riesgos por puesto de trabajo en la empresa C&R construcciones, ubicado Km 17 carretera a Xiloa, 500 mts al oeste 
260 |a Managua  |b UNI  |c 2022 
300 |a 114 p. :il. 
500 |a Contiene: anexos y CD. 
502 |a Tesis (Ingeniero Industrial) - UNI, 2022. 
520 3 |a El presente estudio tiene como objetivo fundamental Evaluar los riesgos de cada puesto de trabajo a lo que se encuentran expuesto los colaboradores, en la Empresa C&R Construcciones, según el procedimiento técnico establecido por el Ministerio del Trabajo para realizar la evaluación de riesgo en una empresa, lográndose por medio de la identificación, evaluación y caracterización de los riesgos existentes, para luego establecer un plan de acción, el cual presenta medidas preventivas que contribuyan a disminuir los riesgos laborales, también la realización de un mapa de riesgo en el cual se puede visualizar gráficamente los riesgos que están expuestos sus colaboradores. 
650 7 |a EVALUACION DE RIESGOS 
650 7 |b  SEGURIDAD INDUSTRIAL 
650 7 |c AMBIENTE LABORAL 
650 7 |d  SALUD OCUPACIONAL 
650 7 |e  RIESGO LABORAL 
700 1 |a Tutor:  |b Reyes Gómez, Arlen Patricia 
942 |c BK  |2 ddc 
991 |a Tesis 
999 |c 27659